Cuadros disolventes (Record no. 124659)
[ view plain ]
| 000 -LEADER | |
|---|---|
| campo de control de longitud fija | 00865nam a2200241 i 4500 |
| 001 - NÚMERO DE CONTROL | |
| campo de control | 124659 |
| 003 - IDENTIFICADOR DE NÚMERO DE CONTROL | |
| campo de control | ES-MaACL |
| 005 - FECHA Y HORA DE LA ÚLTIMA TRANSACCIÓN | |
| campo de control | 20230906192450.0 |
| 007 - CAMPO FIJO DE DESCRIPCIÓN FÍSICA--INFORMACIÓN GENERAL | |
| campo de control de longitud fija | t| |
| 008 - DATOS DE LONGITUD FIJA--INFORMACIÓN GENERAL | |
| campo de control de longitud fija | 070417s1920 sp ||||1| spa d |
| 080 ## - NÚMERO DE LA CLASIFICACIÓN DECIMAL UNIVERSAL | |
| Número de la Clasificación Decimal Universal | 821.134.2-293.22"18" |
| 100 1# - ENTRADA PRINCIPAL--NOMBRE DE PERSONA | |
| Nombre de persona | Perrín, Guillermo. |
| 9 (RLIN) | 91357 |
| 245 10 - MENCIÓN DEL TÍTULO | |
| Título | Cuadros disolventes |
| Resto del título | : apropósito cómico-lírico-fantástico inverosímil en un acto y cinco cuadros / |
| Mención de responsabilidad, etc. | original de Guillermo Perrín y Miguel de Palacios. |
| 260 ## - PUBLICACIÓN, DISTRIBUCIÓN, ETC. | |
| Lugar de publicación, distribución, etc. | [Madrid : |
| Nombre del editor, distribuidor, etc. | La Novela Teatral, |
| Fecha de publicación, distribución, etc. | 1920] |
| 300 ## - DESCRIPCIÓN FÍSICA | |
| Extensión | 8 h. ; |
| Dimensiones | 20 cm. |
| 490 1# - MENCIÓN DE SERIE | |
| Mención de serie | La novela teatral ; |
| Designación de volumen o secuencia | 194 |
| 500 ## - NOTA GENERAL | |
| Nota general | En la cub. caricatura de Enrique Gandía por Tovar. |
| 700 1# - ENTRADA AGREGADA--NOMBRE PERSONAL | |
| Nombre de persona | Palacios, Miguel de. |
| 9 (RLIN) | 88415 |
| 700 0# - ENTRADA AGREGADA--NOMBRE PERSONAL | |
| Nombre de persona | Tovar |
| Títulos y otros términos asociados al nombre | , ilustrador. |
| 9 (RLIN) | 157378 |
| 830 0# - PUNTO DE ACCESO ADICIONAL DE SERIE-TÍTULO UNIFORME | |
| Título uniforme | La novela teatral ; |
| Designación de volumen o secuencia | 194 |
| 9 (RLIN) | 122427 |
| 852 ## - LOCALIZACIÓN | |
| Ubicación | ES-MaACL |
| Número de control de estantería | 2215-F-44 |
| Sublocalización o colección | R.138767 |
| Estatus retirado | Estado de pérdida | Estado de daño | No para préstamo | Colección | Biblioteca de origen | Biblioteca actual | Ubicación en estantería | Fecha de adquisición | Fuente de adquisición | Total de préstamos | Signatura topográfica completa | Código de barras | Visto por última vez | Precio de reemplazo | Tipo de ítem Koha |
|---|---|---|---|---|---|---|---|---|---|---|---|---|---|---|---|
| Colección de folletos | Biblioteca del Ateneo de Madrid | Biblioteca del Ateneo de Madrid | Depósito folletos | 17/01/2008 | 2215-F-44 | 1129889 | 23/02/2023 | 23/02/2023 | Folleto |
